| 000 -LEADER |
| fixed length control field |
00848nam a22002177a 4500 |
| 005 - DATE AND TIME OF LATEST TRANSACTION |
| control field |
20191022105234.0 |
| 008 - FIXED-LENGTH DATA ELEMENTS--GENERAL INFORMATION |
| fixed length control field |
191022b ||||| |||| 00| 0 eng d |
| 040 ## - CATALOGING SOURCE |
| Transcribing agency |
KH8 |
| 082 ## - DEWEY DECIMAL CLASSIFICATION NUMBER |
| Classification number |
294.3 SUB |
| 110 ## - MAIN ENTRY--CORPORATE NAME |
| Corporate name or jurisdiction name as entry element |
Subang Jaya Buddhist Association |
| Relator term |
Compiler |
| 245 ## - TITLE STATEMENT |
| Title |
Buddha-Dhamma : |
| Remainder of title |
the teachings of the Buddha |
| 260 ## - PUBLICATION, DISTRIBUTION, ETC. |
| Place of publication, distribution, etc. |
Subang Jaya : |
| Name of publisher, distributor, etc. |
Subang Jaya Buddhist Association |
| 300 ## - PHYSICAL DESCRIPTION |
| Extent |
553 p. |
| Other physical details |
ill. : |
| Dimensions |
21 cm. |
| 505 ## - FORMATTED CONTENTS NOTE |
| Formatted contents note |
Extracted from:<br/><br/>1) The Buddha and his teachings by Venerable Narada Maha Thera.<br/>2) The great chronicle of Buddhas by Venerable Mingun Sayadaw.<br/>3) Treasure of the Dhamma by Venerable Dr. K. Sri Dhammananda. |
| 546 ## - LANGUAGE NOTE |
| Language note |
Text in English |
| 650 ## - SUBJECT ADDED ENTRY--TOPICAL TERM |
| Topical term or geographic name entry element |
Buddhism |
| 700 ## - ADDED ENTRY--PERSONAL NAME |
| Personal name |
Venerable Narada Maha Thera |
| 700 ## - ADDED ENTRY--PERSONAL NAME |
| Personal name |
Venerable Dr. K. Sri Dhammananda. |
| 700 ## - ADDED ENTRY--PERSONAL NAME |
| Personal name |
Venerable Mingun Sayadaw. |
| 942 ## - ADDED ENTRY ELEMENTS (KOHA) |
| Source of classification or shelving scheme |
|
| Koha item type |
Books - Non Ficton |